US States by Population of Largest City - Statistics

General Stats
  • This quiz has been taken 6 times
  • The average score is 30 of 50
Answer Stats
Population in Largest City City State % Correct
3,979,576 Los Angeles California
100%
2,693,976 Chicago Illinois
100%
8,336,817 New York City New York
100%
209,403 Birmingham Alabama
75%
1,680,992 Phoenix Arizona
75%
197,312 Little Rock Arkansas
75%
727,211 Denver Colorado
75%
911,507 Jacksonville Florida
75%
876,384 Indianapolis Indiana
75%
593,490 Baltimore Maryland
75%
692,600 Boston Massachusetts
75%
160,628 Jackson Mississippi
75%
651,319 Las Vegas Nevada
75%
885,708 Charlotte North Carolina
75%
898,553 Columbus Ohio
75%
655,057 Oklahoma City Oklahoma
75%
654,741 Portland Oregon
75%
1,584,064 Philadelphia Pennsylvania
75%
670,820 Nashville Tennessee
75%
2,320,268 Houston Texas
75%
200,567 Salt Lake City Utah
75%
449,974 Virginia Beach Virginia
75%
753,675 Seattle Washington
75%
288,000 Anchorage Alaska
50%
144,399 Bridgeport Connecticut
50%
70,166 Wilmington Delaware
50%
506,811 Atlanta Georgia
50%
345,064 Honolulu Hawaii
50%
228,959 Boise Idaho
50%
214,237 Des Moines Iowa
50%
389,938 Wichita Kansas
50%
617,638 Louisville Kentucky
50%
390,144 New Orleans Louisiana
50%
66,215 Portland Maine
50%
670,031 Detroit Michigan
50%
429,606 Minneapolis Minnesota
50%
495,327 Kansas City Missouri
50%
109,577 Billings Montana
50%
478,192 Omaha Nebraska
50%
282,011 Newark New Jersey
50%
560,513 Albuquerque New Mexico
50%
179,883 Providence Rhode Island
50%
183,793 Sioux Falls South Dakota
50%
42,819 Burlington Vermont
50%
590,157 Milwaukee Wisconsin
50%
64,235 Cheyenne Wyoming
50%
112,673 Manchester New Hampshire
25%
137,566 Charleston South Carolina
25%
46,536 Charleston West Virginia
25%
124,662 Fargo North Dakota
0%
No matching quizzes found
Score Distribution
Percent of People with Each Score
Percentile by Number Answered
Your Score History
You have not taken this quiz